Statistiques concernant Défenseur de l'année en NBA

Cliquez ici pour prendre le quiz!

Statistiques générales

  • Ce quiz a été pris 240 fois
  • Le résultat moyen est 17 sur 27

Statistiques - réponses

EquipeRéponse% Correct
Utah JazzRudy Gobert
97%
Golden State Warriors
Draymond Green
93%
Boston CelticsMarcus Smart
86%
Memphis Grizzlies
Jaren Jackson Jr.
84%
San Antonio SpursKawhi Leonard
84%
Milwaukee BucksGiánnis Antetokoúnmpo
83%
Chicago BullsMichael Jordan
82%
Orlando MagicDwight Howard
78%
Houston RocketsHakeem Olajuwon
76%
Chicago BullsJoakim Noah
76%
San Antonio SpursDavid Robinson
73%
Boston CelticsKevin Garnett
71%
Détroit PistonsBen Wallace
69%
Détroit PistonsDennis Rodman
65%
Memphis GrizzliesMarc Gasol
64%
Denver NuggetsDikembe Mutombo
62%
Philadelphie 76ersDikembe Mutombo
62%
Atlanta HawksDikembe Mutombo
62%
Seattle SuperSonicsGary Payton
61%
Miami HeatAlonzo Mourning
52%
New York KnicksTyson Chandler
32%
Indiana Pacers
Ron Artest
28%
Utah JazzMark Eaton
28%
San Antonio SpursAlvin Robertson
26%
Milwaukee BucksSidney Moncrief
23%
Denver NuggetsMarcus Camby
19%
Los Angeles LakersMichael Cooper
15%

Distribution des résultats

Percentile par nombre de réponses

% des personnes avec chaque résultat

Votre développement - résultats

Vous n’avez pas pris ce quiz